Normale Ansicht MARC-Ansicht ISBD

Soviet Power : (Titelsatznr. 7854)

[ MARC ]
MARC-Details
000 -Satzkennung
Kontrollfeld mit fester Länge 00622nam a22002171c 4500
001 - Kontrollnummer
Kontrollfeld a987692967
003 - Kontrollnummer Identifier
Kontrollfeld RU-10907106
005 - Datum und Zeit der letzten Transaktion
Kontrollfeld 20240123151845.0
008 - Feld mit fester Länge zur physischen Beschreibung - Allgemeine Angaben
Kontrollfeld mit fester Länge 200123s1961 gw |||| 000u eng d
040 ## - Katalogisierungsquelle
Übertragungsstelle RU-10907106
041 ## - Sprachcode
Sprachcode des Textes/der Tonspur oder des separaten Titels eng
100 1# - Haupteintragung - Personenname
Personenname Hodgkins, Jordan A.
Koha-Normdatenidentnummer 60435
245 00 - Titel
Titel Soviet Power :
Zusatz zum Titel Energy resources, production and potentials
264 ## - Produktion, Veröffentlichung, Distribution, Herstellung und Urheberrechtsvermerk
Herstellungs-, Veröffentlichungs- Vertriebs-, Erzeugungsort London :
Produzent, Herausgeber, Distributor, Hersteller Prentice - Hall International,
Datum der Herstellung, der Veröffentlichung, des Vertriebs oder des Urheberschutzvermerks 1961
300 ## - Physische Beschreibung
Umfang xviii, 190 Seiten : graph. Darst.
650 #0 - Nebeneintragung unter einem Schlagwort - Sachschlagwort
Sachschlagwort oder geografischer Name als Eintragungselement Energiepolitik
650 #0 - Nebeneintragung unter einem Schlagwort - Sachschlagwort
Sachschlagwort oder geografischer Name als Eintragungselement Energiewirtschaft
651 #0 - Nebeneintragung unter einem Schlagwort - Geografischer Name
Geografischer Name Sowjetunion
710 2# - Nebeneintragung - Körperschaftsname
Körperschafts- oder Gebietskörperschaftsname als Eintragungselement Kent State University
Koha-Normdatenidentnummer 60436
942 ## - Zusätzliche Felder (Koha)
Koha-Medientyp Monographien
Klassifikation oder Aufstellungssystematik Andere/Generische Klassifikation
Exemplare
Ausgeschieden Verloren Klassifikation oder Aufstellungssystematik Beschädigt Nicht entleihbar Heimatbibliothek Aufenthaltsbibliothek Aufstellungsort Erwerbungsdatum Inventarnummer Signatur Barcode Letzte Aktivität Preis gültig von Koha-Medientyp
    Andere/Generische Klassifikation     MWN Osteuropa MWN Osteuropa Magazin - 2 23/01/2020 20-01078 R 64 q Hod E00401080A931380 16/03/2021 22/03/2021 Monographien